|
|
|
|
| LEADER |
00000nam a2200000 a 4500 |
| 001 |
vtls001135479 |
| 003 |
SK-MaSNL |
| 005 |
20260224061505.0 |
| 008 |
250414s1992 CS 0 cze |
| 020 |
|
|
|a 8085380145
|
| 035 |
|
|
|a SNK000078332
|
| 040 |
|
|
|a SNK
|b slo
|c SNK
|e AACR2
|
| 041 |
0 |
|
|a cze
|
| 044 |
|
|
|a [CS]
|
| 080 |
|
|
|a 69:658.114
|2 1981
|
| 080 |
|
|
|a 658.114
|2 1981
|
| 245 |
0 |
0 |
|a Vademecum stavebního podnikatele
|
| 250 |
|
|
|a 1. vyd.
|
| 260 |
|
|
|a Praha
|b STAV-INFORM
|c 1992
|
| 300 |
|
|
|c 20 cm
|
| 490 |
0 |
|
|a Kontakt
|
| 852 |
|
|
|a Slovenská národná knižnica
|
| 919 |
|
|
|a 80-85380-14-5
|
| 954 |
|
|
|a stavebníctvo
|a podnikanie
|
| 999 |
|
|
|c 880902
|d 882832
|
| 952 |
|
|
|t P60, <04>, [BOOK], {604}
|a SNK
|b SNK
|y VYP
|7 0
|p 17A0233015
|o snkID 93479/1
|0 0
|1 0
|4 0
|d 2000-03-27
|l 0
|r 2005-01-01 00:00:00
|w 2026-02-24
|